Library Logo

Library OPAC

Smart Digital Library Access

Visit OPAC

স্ৱাধীনোত্তৰ কাল​ৰ ভাৰতীয় ৰাজনীতি(Politics in India Since Independence) (Record no. 16443)

MARC details
000 -LEADER
fixed length control field 00624nam a22001937a 4500
008 - FIXED-LENGTH DATA ELEMENTS--GENERAL INFORMATION
fixed length control field 260507b |||||||| |||| 00| 0 eng d
020 ## - INTERNATIONAL STANDARD BOOK NUMBER
International Standard Book Number 978-81-910689-0-0
Price 170.00
040 ## - CATALOGING SOURCE
Original Cataloguing agency Sibsagar Commerce College Central Library
041 ## - LANGUAGE CODE
Language code of text/sound track or separate title Assamese
082 ## - DEWEY DECIMAL CLASSIFICATION NUMBER
Classification number 320.95
Book Number CHA
100 ## - MAIN ENTRY--PERSONAL NAME
Personal name Chakraborty, Adyanath.
245 ## - TITLE STATEMENT
Title স্ৱাধীনোত্তৰ কাল​ৰ ভাৰতীয় ৰাজনীতি(Politics in India Since Independence)
Statement of responsibility, etc. By Adyanath Chakraborty.
250 ## - EDITION STATEMENT
Edition statement 7th ed.
260 ## - PUBLICATION, DISTRIBUTION, ETC.
Place of publication, distribution, etc. Guwahati:
Name of publisher, distributor, etc. Rupaleem Prakashan;
Date of publication, distribution, etc. 2015.
300 ## - PHYSICAL DESCRIPTION
Pages 216p.
650 ## - Subject
Subject Political Science
942 ## - ADDED ENTRY ELEMENTS (KOHA)
Source of classification or shelving scheme Dewey Decimal Classification
Koha item type Books
Holdings
Withdrawn status Lost status Source of classification or shelving scheme Damaged status Not for loan Collection code Home library Current library Shelving location Date acquired Source of acquisition Total Checkouts Full call number Barcode Date last seen Copy number Cost, replacement price Price effective from Koha item type
    Dewey Decimal Classification     Political Science Sibsagar Commerce College Central Library Sibsagar Commerce College Central Library General Stacks 07/05/2026 DONATED   320.95 CHA 29474 07/05/2026 1 340.00 07/05/2026 Books


Sibsagar Commerce College © 2020. All rights reserved.
Powered by Koha.
Hosted by LIBKART.